00583nam a22001697a 4500003000400000008004100004020001800045082002000063100002300083245009900106260007400205300001100279650003400290650004100324650003000365700001800395OSt260625b |||||||| |||| 00| 0 eng d a9789391734091 a632.40222bD49I aDevi , T.Prameela  aIIIustrative Morphology of Agriculturally Important Fungi/ by T.Prameela Devi and Deeba Kamil aNew Delhi:b International Books & Periodicals Supply Service, c2023 a262 p. aTechnology (Applied Sciences) aAgriculture and related technologies aFungal diseases of plants aKamil, Deeba